000 00765cam a2200229 4500
001 45704
021 _b62914/93
090 _a45704
100 _a19930414d1993 m a0pory5003 ba
101 0 _apor
102 _aPT
200 1 _aA mobilidade geográfica e sócio-profissional induzida pelo sistema de formacão profissional
_fFernando Honório
205 _a1.ª ed.
210 9 _aLisboa
_cInstituto de Ciências Sociais
_cInstituto da Juventude,
_d1993
215 _a51 p.
_cil.
_d23 cm
225 2 _aEstudos de juventude
_ecadernos do Instituto de Ciências Sociais
_v2
606 _aMobilidade social
_xContribuicões da formacão profissional
675 _a377
_vBN
_zpor
675 _a316.4
_vBN
_zpor
700 1 _aHonório,
_bFernando
801 0 _aPT
_bBN
_gRPC
990 _cLIVROS